Clinical Biochemistry: (Record no. 1271)

MARC details
000 -LEADER
fixed length control field 00562nam a22002057a 4500
003 - CONTROL NUMBER IDENTIFIER
control field OSt
005 - DATE AND TIME OF LATEST TRANSACTION
control field 20191025141636.0
008 - FIXED-LENGTH DATA ELEMENTS--GENERAL INFORMATION
fixed length control field 150326b xxu||||| |||| 00| 0 eng d
020 ## - INTERNATIONAL STANDARD BOOK NUMBER
International Standard Book Number 9780702051791
040 ## - CATALOGING SOURCE
Transcribing agency DNLM
082 ## - DEWEY DECIMAL CLASSIFICATION NUMBER
Classification number QU4 C611a 2013
Item number B
100 ## - MAIN ENTRY--PERSONAL NAME
Personal name Gaw, Allan [et...al]
9 (RLIN) 1717
245 ## - TITLE STATEMENT
Title Clinical Biochemistry:
Remainder of title an illustrated colour atlas
250 ## - EDITION STATEMENT
Edition statement 5th ed.
260 ## - PUBLICATION, DISTRIBUTION, ETC. (IMPRINT)
Place of publication, distribution, etc. Edinburgh;
Name of publisher, distributor, etc. Churchill,
Date of publication, distribution, etc. 2013
300 ## - PHYSICAL DESCRIPTION
Extent vii,187p;
Other physical details col.ill
Dimensions 30cm
504 ## - BIBLIOGRAPHY, ETC. NOTE
Bibliography, etc References & index included
650 ## - SUBJECT ADDED ENTRY--TOPICAL TERM
Topical term or geographic name as entry element Biochemistry
9 (RLIN) 443
942 ## - ADDED ENTRY ELEMENTS (KOHA)
Source of classification or shelving scheme Other/Generic Classification Scheme
Koha item type Open Shelf
Holdings
Withdrawn status Lost status Source of classification or shelving scheme Damaged status Not for loan Home library Current library Date acquired Source of acquisition Inventory number Total Checkouts Full call number Barcode Checked out Date last seen Date last checked out Koha item type
    Other/Generic Classification Scheme     MUST Main Library Faculty of Interdisciplinary Studies Library 13/03/2018 Purchase 17/40286   QU4 C611a 2013 B 2018-0167   18/12/2023   Open Shelf
    Other/Generic Classification Scheme     MUST Main Library MUST Main Library 26/03/2015   15/38907 1 QU4 C611a 2013 B 2015-0673 10/05/2021 26/04/2021 26/04/2021 Open Shelf
    Other/Generic Classification Scheme     MUST Main Library MUST Main Library 26/03/2015   15/38908   QU4 C611a 2013 B 2015-0674   26/03/2015   Open Shelf